Ảnh hưởng của văn hóa Pháp đối với vùng Đồng Bằng Sông Cửu Long trong giai đoạn 1874-1945 (Khảo sát dưới góc độ kiến trúc và tôn giáo)

Nghiên cứu khảo sát, một số địa điểm di tích có liên quan đến sự ảnh hưởng của văn hóa Pháp đề ra những đánh giá, kết luận về sự ảnh hưởng của văn hóa Pháp ở hai lĩnh vực kiến trúc và tôn giáo đối với vùng Đồng Bằng Sông Cửu Lon...

Description complète

Enregistré dans:
Détails bibliographiques
Auteur principal: Trần Minh Thuận
Format: Livre
Langue:Undetermined
Publié: Cần Thơ Trường Đại học Cần Thơ 2010
Sujets:
Tags: Ajouter un tag
Pas de tags, Soyez le premier à ajouter un tag!
Thư viện lưu trữ: Trung tâm Học liệu Trường Đại học Cần Thơ
LEADER 01279nam a2200229Ia 4500
001 CTU_165116
008 210402s9999 xx 000 0 und d
082 |a 959.703 
082 |b Th502 
088 |a T2009-18 
100 |a Trần Minh Thuận 
245 0 |a Ảnh hưởng của văn hóa Pháp đối với vùng Đồng Bằng Sông Cửu Long trong giai đoạn 1874-1945 (Khảo sát dưới góc độ kiến trúc và tôn giáo) 
245 0 |c Trần Minh Thuận 
260 |a Cần Thơ 
260 |b Trường Đại học Cần Thơ 
260 |c 2010 
520 |a Nghiên cứu khảo sát, một số địa điểm di tích có liên quan đến sự ảnh hưởng của văn hóa Pháp đề ra những đánh giá, kết luận về sự ảnh hưởng của văn hóa Pháp ở hai lĩnh vực kiến trúc và tôn giáo đối với vùng Đồng Bằng Sông Cửu Long. 
650 |a Đồng Bằng Sông Cửu Long,Đồng Bằng Sông Cửu Long 
650 |x Lịch sử,Phong tục và đời sống xã hội 
904 |i Năm 
915 |a SP 
980 |a Trung tâm Học liệu Trường Đại học Cần Thơ